10 hlavních principů marketingu v dnešní době zábavy
Reklama, aby pritiahla pozornosť spotrebiteľa, musí byť zábavná. Klasický model - prerušovanie programu reklamou a jej opakovanie. Desať princípov marketingovej komunikácie vo veku zábavy. Úlohy pre výskum.
Salvato in:
| Autore principale: | |
|---|---|
| Natura: | Capitolo di libro |
| Lingua: | ceco |
| Soggetti: | |
| Tags: |
Nessun Tag, puoi essere il primo ad aggiungerne!!
|
MARC
| LEADER | 00000naa a2200000 4500 | ||
|---|---|---|---|
| 001 | 0128721 | ||
| 005 | 20231019095428.8 | ||
| 041 | 0 | |a cze | |
| 044 | |a CZ | ||
| 245 | 1 | 0 | |a 10 hlavních principů marketingu v dnešní době zábavy |c Jim Caroll |
| 520 | |a Reklama, aby pritiahla pozornosť spotrebiteľa, musí byť zábavná. Klasický model - prerušovanie programu reklamou a jej opakovanie. Desať princípov marketingovej komunikácie vo veku zábavy. Úlohy pre výskum. | ||
| 610 | 2 | 0 | |a marketing |
| 610 | 2 | 0 | |a komunikácia marketingová |
| 610 | 2 | 0 | |a spotrebitelia |
| 610 | 2 | 0 | |a reklama |
| 610 | 2 | 0 | |a výskum |
| 100 | 1 | |a Caroll, Jim | |